000
00309nam a22001457a 4500
008
210310b ||||| |||| 00| 0 eng d
020
_a
9781556159008
041
_a
eng
080
_a
004
082
_a
004
100
_a
35
101
_a
SHKI
245
_a
Rapid Development
_c
Mcconnell,S
942
_2
udc
_c
BK
999
_c
56142
_d
56142